000 00538nam a22001577a 4500
999 _c19612
_d19612
005 20180309154045.0
008 170612b ck ||||| |||| 00| 0 spa d
040 _aCO-BoIAVH
_cCO-BoIAVH
041 _aspa
044 _ack
090 _aFG-
_b0214
245 _aEvaluación Integrada del Darién Colombiano:
_bPropuesta de zonificación para la vida y la convivencia
_ceditado por Elsa Matilde Escobar
260 _aBogotá:
_bFundacion Natura,
_c2000.
300 _a70 páginas -
_bilustraciones a color
_c16 x 22 cm
942 _2z
_cFolleto